Loading...
Judgments and How to Write Them
| Main Author: | |
|---|---|
| Format: | Printed Book |
| Language: | English |
| Published: |
Lucknow
Eastern Book Company
2005
|
| LEADER | 00516nam a22001577a 4500 | ||
|---|---|---|---|
| 008 | 130509b xxu||||| |||| 00| 0 eng d | ||
| 020 | |a 978-81-7012-138-1 | ||
| 082 | |a 347.014 SIN'05 | ||
| 100 | |a Singh,S.D |9 520 | ||
| 245 | |a Judgments and How to Write Them | ||
| 260 | |a Lucknow |b Eastern Book Company |c 2005 | ||
| 300 | |a xxxii,183p. | ||
| 500 | |a Includes index | ||
| 942 | |2 ddc |c REF | ||
| 999 | |c 6033 |d 6033 | ||
| 952 | |0 0 |1 0 |2 udc |4 0 |6 347072_SIN08 |7 1 |8 REF |9 7655 |a NUALS |b NUALS |c REF |d 2011-12-23 |l 0 |o 347.072 SIN'08 |p 8034 |r 2016-06-10 |y REF | ||